TfL and National Rail Stations - Statistics

General Stats
  • This quiz has been taken 10 times
    6 since last reset
  • The average score is 72 of 93
Answer Stats
National Rail TfL Answer % Correct
Thameslink, Southern Trams East Croydon
100%
Thameslink, Southeastern Bakerloo, Northern Elephant & Castle
100%
Heathrow Express Picadilly, Elizabeth Heathrow Terminal 5
100%
Heathrow Express Picadilly, Elizabeth Heathrow Terminals 2 & 3
100%
EMR, Thameslink, Eurostar, Southeastern, Hull Trains, Lumo, LNER, Grand Central, Great Northern Circle, H&C, Metropolitan, Picadilly, Victoria, Northern King's Cross St Pancras
100%
Southeastern DLR Lewisham
100%
Greater Anglia Elizabeth, Liberty Romford
100%
Greater Anglia Elizabeth Shenfield
100%
Greater Anglia, C2C Central, Elizabeth, Mildmay, DLR, Jubilee Stratford
100%
Southern Trams, Windrush West Croydon
100%
SWR, Thameslink District, Trams Wimbledon
100%
Thameslink, Southeastern Elizabeth Abbey Wood
83%
Southern Windrush Anerly
83%
Southern Northern Balham
83%
C2C District, H&C, Suffragette Barking
83%
Southern, Southeastern Trams Beckenham Junction
83%
Southern Trams Birkbeck
83%
Thameslink, Southeastern Circle, District Blackfriars
83%
Southeastern Circle, District Cannon Street
83%
SWR, Southern Lioness Clapham Junction
83%
Southeastern Trams Elmers End
83%
Avanti West Coast, LNWR, Caledonian Sleeper, HS2 (planned) Northern, Victoria, Lioness Euston
83%
Thameslink Circle, H&C, Metropolitan, Elizabeth Farringdon
83%
GWR Central Greenford
83%
Thameslink, Southeastern DLR Greenwich
83%
Chiltern Metropolitan Harrow-on-the-hill
83%
Great Northern Victoria, Windrush, Mildmay Highbury and Islington
83%
Thameslink Northern Kentish Town
83%
C2C DLR Limehouse
83%
Stansted Express, Greater Anglia, C2C Central, H&C, Metropolitan, Circle, Elizabeth, Northern, Weaver Liverpool Street
83%
Chiltern Bakerloo Marylebone
83%
Thameslink, Southern Trams Mitcham Junction
83%
Thameslink, Southern Windrush Norwood Junction
83%
GWR, Heathrow Express Bakerloo, H&C, Circle, District, Elizabeth Paddington
83%
GWR, SWR, CrossCountry Elizabeth Reading
83%
SWR District, Mildmay Richmond
83%
GWR Elizabeth Slough
83%
Southeastern DLR Stratford International
83%
Southern Windrush Sydenham
83%
SWR Victoria Vauxhall
83%
Southern, Gatwick Express, Southeastern, Thameslink Circle, District, Victoria Victoria
83%
SWR Bakerloo, Jubilee, Northern, W&C Waterloo
83%
Avanti West Coast, LNWR, Caledonian Sleeper, Southern Lioness Watford Junction
83%
C2C District, H&C, Jubilee, DLR West Ham
83%
Thameslink Jubilee, Mildmay West Hampstead
83%
Thameslink, Southeastern DLR Woolwich Arsenal
83%
Chiltern Metropolitan Amersham
67%
Southern Windrush Battersea Park
67%
Southeastern Victoria Brixton
67%
Southern Windrush Brockley
67%
GWR Elizabeth Burnham
67%
LNWR Lioness Bushey
67%
Chiltern Metropolitan Chalfont and Latimer
67%
Southeastern Bakerloo, Northern Charing Cross
67%
Stansted Express, Greater Anglia Weaver Cheshunt
67%
Chiltern Metropolitan Chorleywood
67%
Southern Windrush Crystal Palace
67%
Thameslink, Southeastern Windrush Denmark Hill
67%
GWR Central, District, Elizabeth Ealing Broadway
67%
Thameslink, Great Northern Picadilly, Victoria Finsbury Park
67%
Southern Windrush Forest Hill
67%
Greater Anglia Weaver Hackney Downs
67%
LNWR, Southern Bakerloo, Lioness Harrow and Wealdstone
67%
GWR Elizabeth Hayes and Harlington
67%
Southern Windrush Honor Oak Park
67%
Southern Mildmay Imperial Wharf
67%
GWR Elizabeth Iver
67%
Southern District, Mildmay Kensington Olympia
67%
GWR Elizabeth Langley
67%
Southeastern, Thameslink, Southern Jubilee, Northern London Bridge
67%
GWR Elizabeth Maidenhead
67%
Great Northern Circle, H&C, Metropolitan, Northern Moorgate
67%
Southeastern Windrush New Cross
67%
Southern Windrush New Cross Gate
67%
Great Northern Northern Old Street
67%
Thameslink, Southern, Southeastern Windrush Peckham Rye
67%
Southern Windrush Penge West
67%
Southern Windrush Queens Road Peckham
67%
Chiltern Metropolitan Rickmansworth
67%
Greater Anglia Elizabeth Seven Kings
67%
Greater Anglia Victoria, Weaver Seven Sisters
67%
Southern Central, Mildmay Shepherd's Bush
67%
GWR Elizabeth Southall
67%
Chiltern Central South Ruislip
67%
GWR Elizabeth Taplow
67%
Stansted Express, Greater Anglia Victoria Tottenham Hale
67%
GWR Elizabeth Twyford
67%
C2C District, Liberty Upminster
67%
Southern Bakerloo, Lioness Wembley Central
67%
Southern District, Mildmay West Brompton
67%
GWR Elizabeth West Drayton
67%
GWR Elizabeth West Ealing
67%
Chiltern Central West Ruislip
67%
No matching quizzes found
Score Distribution
Percent of People with Each Score
Percentile by Number Answered
Your Score History
You have not taken this quiz since the last reset